Countries Closest to Senegal - One Minute Sprint - Statistics

General Stats
  • This quiz has been taken 72 times
  • The average score is 15 of 20
Answer Stats
km country miles % Correct
0 Gambia 0
97%
0 Guinea 0
94%
0 Mali 0
94%
0 Mauritania 0
92%
1233 Morocco 766
92%
1317 Algeria 818
88%
0 Guinea-Bissau 0
86%
1257 Niger 781
86%
452 Liberia 281
85%
658 Burkina Faso 409
82%
938 Ghana 583
82%
262 Sierra Leone 163
80%
1231 Togo 765
80%
1340 Benin 832
78%
1591 Nigeria 989
72%
442 Côte d'Ivoire 275
71%
571 Cabo Verde 355
62%
1231 Spain 765
51%
1787 Portugal 1110
45%
479 Western Sahara 298
23%
No matching quizzes found
Score Distribution
Percent of People with Each Score
Percentile by Number Answered
Your Score History
You have not taken this quiz